000 00571nam a2200205 i 4500
001 88302
003 ES-MaACL
005 20250807071711.0
007 t|
008 050103s1972 sp ||||1| spa d
100 1 _aLaín Entralgo, Pedro,
_d1908-2001
_969681
245 1 0 _aSobre la amistad /
_cPedro Laín Entralgo.
260 _aMadrid :
_bRevista de Occidente,
_c[1972]
300 _a380 p. ;
_c18 cm.
490 1 _aSelecta ;
_v41
650 0 7 _aAmistad
_2embne
_99752
830 1 _aSelecta ;
_v41
_9181890
852 _aES-MaACL
_jC-42855
999 _c88302
_d88302